000 00232nam a22000857a 4500
008 161130b xxu||||| |||| 00| 0 eng d
100 _91606
_aSasikumar, V
245 _aReader-Teacher's Edition v
260 _aNew Delhi
_bOrient Longman
_c2007
999 _c4321
_d4321